000
00217 a2200097 4500
001
20522
100
_a
Hughes A G
245
_a
Education : some Fundamental Problems
260
_a
_b
E L B S
_c
090
_c
14918
_d
14918
942
_a
NUST-CAE
_c
M
_c
5467
999
_c
255595
_d
255595